| 000 | 00451nam a2200145 a 4500 | ||
|---|---|---|---|
| 001 | 5551 | ||
| 003 | CDMR | ||
| 005 | 20130116135310.0 | ||
| 008 | 130130s1981||||||||||||||||||||||||||||d | ||
| 040 |
_aCDMR _bcat _cCDMR |
||
| 245 | 0 | _aSelecció d'informacions aparegudes a la premsa sobre premsa comarcal i problemàtica general de la premsa | |
| 260 |
_aBarcelona _c1981 _bDiputació de Barcelona |
||
| 490 | 0 |
_aCol.lecció Comunicació _v1 _92789 |
|
| 942 | _cMON | ||
| 999 |
_c5551 _d5551 |
||